[Event "1. Bundesliga 2014/2015"]
[Site "Feffernitz, St. Veit/Glan, Mayrhofen"]
[Date "2014.11.21"]
[Round "2"]
[Board "1"]
[White "Maksimenko, Andrei"]
[Black "Rozentalis, Eduardas"]
[Result "1/2-1/2"]
[WhiteElo "2495"]
[BlackElo "2549"]
[PlyCount "61"]
[EventDate "2014.11.20"]
[EventType "team"]
[EventRounds "11"]
[EventCountry "AUT"]
[WhiteTeam "ASVOE Wulkaprodersdorf"]
[BlackTeam "SK Hohenems"]

1. e4 Nf6 2. e5 Nd5 3. d4 d6 4. c4 Nb6 5. f4 dxe5 6. fxe5 Nc6 7. Be3 Bf5 8. Nc3
e6 9. Nf3 Be7 10. d5 exd5 11. cxd5 Nb4 12. Nd4 Bd7 13. e6 fxe6 14. dxe6 Bc6 15.
Nxc6 Qxd1+ 16. Rxd1 Nc2+ 17. Kd2 Nxe3 18. Kxe3 bxc6 19. Bd3 O-O 20. Rhf1 Nd5+
21. Nxd5 cxd5 22. Bb5 Rxf1 23. Rxf1 Rf8 24. Kd4 Rxf1 25. Bxf1 Bf6+ 26. Kxd5
Bxb2 27. Kc6 Kf8 28. Kxc7 Ke7 29. Bc4 h6 30. Kc6 Be5 31. h3 1/2-1/2

[Event "1. Bundesliga 2014/2015"]
[Site "Feffernitz, St. Veit/Glan, Mayrhofen"]
[Date "2014.11.21"]
[Round "2"]
[Board "2"]
[White "Martinovic, Sasa"]
[Black "Schneider, Ilja"]
[Result "1/2-1/2"]
[WhiteElo "2520"]
[BlackElo "2495"]
[PlyCount "106"]
[EventDate "2014.11.20"]
[EventType "team"]
[EventRounds "11"]
[EventCountry "AUT"]
[WhiteTeam "SK Hohenems"]
[BlackTeam "ASVOE Wulkaprodersdorf"]

1. d4 d5 2. c4 c6 3. Nc3 Nf6 4. e3 a6 5. Qc2 e6 6. Nf3 c5 7. cxd5 exd5 8. Be2
Be6 9. O-O Nc6 10. Rd1 Nb4 11. Qb1 Qc8 12. Bd2 Bf5 13. Qc1 c4 14. a3 Nd3 15.
Bxd3 Bxd3 16. Ne5 Bf5 17. e4 dxe4 18. Bg5 Qe6 19. Re1 Bd6 20. Bxf6 gxf6 21. Nf3
O-O 22. d5 Qe7 23. Nd2 b5 24. Ndxe4 Rfe8 25. Nxd6 Qxd6 26. Qh6 Re5 27. Re3 Rae8
28. Rae1 a5 29. Rxe5 Rxe5 30. Rxe5 Qxe5 31. Qd2 b4 32. axb4 axb4 33. Nd1 b3 34.
Nc3 Bd3 35. f4 Qe7 36. Kf2 Qa7+ 37. Kf3 f5 38. Qe3 Be4+ 39. Kf2 Qa1 40. Qd2 Bd3
41. Kg3 Qa6 42. Qe3 Be4 43. Nxe4 fxe4 44. Qd4 Qg6+ 45. Kf2 Qg7 46. Qd2 f5 47.
d6 c3 48. bxc3 Qa7+ 49. Ke2 Qa6+ 50. Ke1 Qa1+ 51. Ke2 Qa6+ 52. Ke1 Qa1+ 53. Ke2
Qa6+ 1/2-1/2

[Event "1. Bundesliga 2014/2015"]
[Site "Feffernitz, St. Veit/Glan, Mayrhofen"]
[Date "2014.11.21"]
[Round "2"]
[Board "3"]
[White "Antal, Gergely"]
[Black "Atlas, Valery"]
[Result "1/2-1/2"]
[WhiteElo "2510"]
[BlackElo "2433"]
[PlyCount "107"]
[EventDate "2014.11.20"]
[EventType "team"]
[EventRounds "11"]
[EventCountry "AUT"]
[WhiteTeam "ASVOE Wulkaprodersdorf"]
[BlackTeam "SK Hohenems"]

1. e4 c5 2. Nf3 e6 3. b3 d6 4. Bb2 Nf6 5. e5 dxe5 6. Nxe5 Nbd7 7. f4 Be7 8. Bd3
Nxe5 9. fxe5 Nd5 10. O-O O-O 11. Kh1 Bd7 12. Qh5 g6 13. Qe2 Bc6 14. Be4 Bg5 15.
Nc3 Nxc3 16. Bxc3 Bxe4 17. Qxe4 Qd5 18. Qg4 Bh6 19. Rf3 Bg7 20. Re1 Rad8 21.
Qa4 Qd7 22. Qxa7 Qc6 23. b4 b6 24. Qa3 c4 25. Qb2 Bh6 26. b5 Qd5 27. d3 Rd7 28.
a4 Ra8 29. Ra1 Rda7 30. Qb4 Bf8 31. Qxc4 Qxc4 32. dxc4 Rxa4 33. Rff1 Bc5 34. g3
Ra2 35. Rfd1 R8a4 36. Rxa2 Rxa2 37. Bd2 Kg7 38. Bg5 Rxc2 39. Rd7 Rxc4 40. Bf6+
Kh6 41. Rxf7 g5 42. h3 Rc1+ 43. Kg2 Rc2+ 44. Kf1 Kg6 45. Rg7+ Kf5 46. Rxh7 Be3
47. Rf7 Ke4 48. h4 g4 49. Bg5 Rc1+ 50. Ke2 Rc2+ 51. Kf1 Rc1+ 52. Ke2 Rc2+ 53.
Kf1 Rc1+ 54. Ke2 1/2-1/2

[Event "1. Bundesliga 2014/2015"]
[Site "Feffernitz, St. Veit/Glan, Mayrhofen"]
[Date "2014.11.21"]
[Round "2"]
[Board "4"]
[White "Froewis, Georg"]
[Black "Thiede, Lars"]
[Result "1-0"]
[WhiteElo "2434"]
[BlackElo "2441"]
[PlyCount "101"]
[EventDate "2014.11.20"]
[EventType "team"]
[EventRounds "11"]
[EventCountry "AUT"]
[WhiteTeam "SK Hohenems"]
[BlackTeam "ASVOE Wulkaprodersdorf"]

1. c4 Nf6 2. Nc3 g6 3. g3 Bg7 4. Bg2 O-O 5. e3 d6 6. Nge2 e5 7. d4 Nbd7 8. b3
Re8 9. Ba3 exd4 10. exd4 Nf8 11. O-O c6 12. Re1 Bf5 13. Qd2 Qd7 14. Nf4 Bh6 15.
d5 c5 16. Bb2 Bg7 17. h3 h5 18. Kh2 N8h7 19. Rxe8+ Rxe8 20. Re1 Rxe1 21. Qxe1
g5 22. Nfe2 a6 23. Nd1 Qe7 24. Ne3 Bg6 25. Qa1 Bd3 26. Qd1 Bg6 27. Qa1 Bh6 28.
b4 b6 29. bxc5 bxc5 30. Qd1 g4 31. Nf4 Bxf4 32. gxf4 Be4 33. Qg1 Kf8 34. Bf1
Bf3 35. Bd3 Be4 36. Be2 Bf3 37. Bxf3 gxf3 38. Nf5 Qe2 39. Qg7+ Ke8 40. Nxd6+
Kd7 41. Qxf7+ Qe7 42. Qxe7+ Kxe7 43. Nb7 Ne4 44. Ba3 Nd2 45. Bxc5+ Kd7 46. Na5
Nf6 47. Bd4 Ne8 48. Be5 Nc7 49. Kg3 Kc8 50. f5 Kd7 51. Kf4 1-0

[Event "1. Bundesliga 2014/2015"]
[Site "Feffernitz, St. Veit/Glan, Mayrhofen"]
[Date "2014.11.21"]
[Round "2"]
[Board "5"]
[White "Wallner, Joachim"]
[Black "Kessler, Luca"]
[Result "0-1"]
[WhiteElo "2331"]
[BlackElo "2324"]
[PlyCount "104"]
[EventDate "2014.11.20"]
[EventType "team"]
[EventRounds "11"]
[EventCountry "AUT"]
[WhiteTeam "ASVOE Wulkaprodersdorf"]
[BlackTeam "SK Hohenems"]

1. b3 d5 2. Bb2 Bg4 3. g3 Nd7 4. Bg2 c6 5. Nf3 e6 6. c4 Ngf6 7. O-O Bd6 8. d3
O-O 9. Nbd2 Re8 10. e4 Qc7 11. Qc2 dxe4 12. dxe4 e5 13. Rfe1 a5 14. a3 b6 15.
Nf1 Nc5 16. Ne3 Bxf3 17. Bxf3 Ne6 18. Bg2 Bc5 19. Bc3 Bd4 20. b4 g6 21. Qb2
Red8 22. Rad1 axb4 23. axb4 Bxc3 24. Qxc3 Rd4 25. Nc2 Rxd1 26. Rxd1 Kg7 27. h4
Rd8 28. Rd3 Rd6 29. Qd2 Ne8 30. f3 Rxd3 31. Qxd3 Qd6 32. Qxd6 Nxd6 33. Bf1 f5
34. exf5 gxf5 35. Kf2 Kf6 36. g4 fxg4 37. fxg4 e4 38. Ke3 Ke5 39. Be2 c5 40.
bxc5 bxc5 41. Na3 Nf4 42. Bf1 Ne8 43. Nc2 Nf6 44. g5 Ng4+ 45. Kd2 Nh2 46. Be2
Nxe2 47. Kxe2 Nf3 48. Ne3 Nxh4 49. Ng4+ Kd4 50. Nf6 Ng6 51. Nxh7 Nf4+ 52. Ke1
Kd3 0-1

[Event "1. Bundesliga 2014/2015"]
[Site "Feffernitz, St. Veit/Glan, Mayrhofen"]
[Date "2014.11.21"]
[Round "2"]
[Board "6"]
[White "Novkovic, Milan"]
[Black "Mesaros, Florian"]
[Result "1/2-1/2"]
[WhiteElo "2380"]
[BlackElo "2355"]
[PlyCount "60"]
[EventDate "2014.11.20"]
[EventType "team"]
[EventRounds "11"]
[EventCountry "AUT"]
[WhiteTeam "SK Hohenems"]
[BlackTeam "ASVOE Wulkaprodersdorf"]

1. d4 Nf6 2. c4 g6 3. Nf3 Bg7 4. e3 O-O 5. Be2 d5 6. cxd5 Nxd5 7. O-O c5 8.
dxc5 Na6 9. Bxa6 bxa6 10. e4 Nb4 11. Qxd8 Rxd8 12. Nc3 Bb7 13. Bg5 Kf8 14. Rad1
Nd3 15. Nd5 Bxd5 16. Rxd3 Bxa2 17. Rfd1 Rxd3 18. Rxd3 Ke8 19. c6 Rc8 20. Rd7
Bf6 21. Bxf6 exf6 22. Rxa7 Rxc6 23. h3 Bc4 24. e5 Bd5 25. exf6 Bxf3 26. gxf3
Rxf6 27. Kg2 Rb6 28. Kg3 Rxb2 29. Rxa6 Ke7 30. Ra7+ Kf6 1/2-1/2

[Event "1. Bundesliga 2014/2015"]
[Site "Feffernitz, St. Veit/Glan, Mayrhofen"]
[Date "2014.11.21"]
[Round "2"]
[Board "1"]
[White "Postny, Evgeny"]
[Black "Ragger, Markus"]
[Result "1/2-1/2"]
[WhiteElo "2645"]
[BlackElo "2661"]
[PlyCount "87"]
[EventDate "2014.11.20"]
[EventType "team"]
[EventRounds "11"]
[EventCountry "AUT"]
[WhiteTeam "SIR Royal Salzburg"]
[BlackTeam "Schachclub MPOE Maria Saal"]

1. d4 Nf6 2. c4 g6 3. Nc3 d5 4. cxd5 Nxd5 5. e4 Nxc3 6. bxc3 Bg7 7. Bc4 c5 8.
Ne2 O-O 9. O-O Nc6 10. Be3 b6 11. dxc5 Qc7 12. Nd4 Ne5 13. Nb5 Qb8 14. Bf4 bxc5
15. Rb1 Bb7 16. Qe2 Qc8 17. Bd5 Bc6 18. Rfd1 a6 19. Na3 e6 20. Bxc6 Qxc6 21.
Nc4 Nxc4 22. Qxc4 Rfd8 23. a4 Rxd1+ 24. Rxd1 Qb6 25. h3 h5 26. Kh2 Qb2 27. Qxc5
Qxc3 28. Qxc3 Bxc3 29. Rc1 Bd4 30. Kg3 Kg7 31. Kf3 e5 32. Be3 Bxe3 33. fxe3 Re8
34. h4 Re6 35. Rc5 Kf6 36. a5 Rd6 37. g4 hxg4+ 38. Kxg4 Ke6 39. Kg5 Rd3 40.
Rc6+ Ke7 41. Rxa6 Rxe3 42. Ra7+ Ke6 43. Ra6+ Ke7 44. Ra7+ 1/2-1/2

[Event "1. Bundesliga 2014/2015"]
[Site "Feffernitz, St. Veit/Glan, Mayrhofen"]
[Date "2014.11.21"]
[Round "2"]
[Board "2"]
[White "Rapport, Richard"]
[Black "Bromberger, Stefan"]
[Result "1-0"]
[WhiteElo "2709"]
[BlackElo "2544"]
[PlyCount "45"]
[EventDate "2014.11.20"]
[EventType "team"]
[EventRounds "11"]
[EventCountry "AUT"]
[WhiteTeam "Schachclub MPOE Maria Saal"]
[BlackTeam "SIR Royal Salzburg"]

1. e4 e5 2. f4 exf4 3. Nc3 Qh4+ 4. Ke2 d5 5. Nxd5 Bg4+ 6. Nf3 Nc6 7. Nxc7+ Kd8
8. Nxa8 Ne5 9. Qe1 Nxf3 10. Qxh4+ Nxh4+ 11. Ke1 f3 12. g3 Nf6 13. d3 Bc5 14.
gxh4 f2+ 15. Kd2 Bf3 16. Bh3 Re8 17. Rf1 Nd5 18. c3 Nf4 19. b4 Nxh3 20. bxc5 f5
21. Ke3 fxe4 22. d4 Kd7 23. Rb1 1-0

[Event "1. Bundesliga 2014/2015"]
[Site "Feffernitz, St. Veit/Glan, Mayrhofen"]
[Date "2014.11.21"]
[Round "2"]
[Board "3"]
[White "Mons, Leon"]
[Black "Predojevic, Borki"]
[Result "1/2-1/2"]
[WhiteElo "2446"]
[BlackElo "2618"]
[PlyCount "80"]
[EventDate "2014.11.20"]
[EventType "team"]
[EventRounds "11"]
[EventCountry "AUT"]
[WhiteTeam "SIR Royal Salzburg"]
[BlackTeam "Schachclub MPOE Maria Saal"]

1. e4 e6 2. d4 d5 3. Nd2 c5 4. Ngf3 cxd4 5. Nxd4 Nf6 6. exd5 Nxd5 7. N2f3 Bb4+
8. Bd2 O-O 9. Bxb4 Nxb4 10. Qd2 N8c6 11. Nxc6 Qxd2+ 12. Kxd2 Nxc6 13. Re1 Rd8+
14. Kc1 Bd7 15. a3 Rac8 16. Bd3 h6 17. b3 Kf8 18. Kb2 Ke7 19. Re3 Be8 20. Rhe1
b6 21. Ne5 Nxe5 22. Rxe5 Bc6 23. g3 g5 24. f4 Kf6 25. f5 Rd5 26. Rxd5 exd5 27.
Kc3 h5 28. Kd4 g4 29. a4 a5 30. Rb1 h4 31. c3 hxg3 32. hxg3 Rh8 33. b4 Bxa4 34.
bxa5 bxa5 35. Ra1 Bb3 36. Rxa5 Rh3 37. Ra6+ Kg5 38. Ra7 Kf6 39. Ra6+ Kg5 40.
Ra7 Kf6 1/2-1/2

[Event "1. Bundesliga 2014/2015"]
[Site "Feffernitz, St. Veit/Glan, Mayrhofen"]
[Date "2014.11.21"]
[Round "2"]
[Board "4"]
[White "Kreisl, Robert"]
[Black "Geske, Julian"]
[Result "0-1"]
[WhiteElo "2421"]
[BlackElo "2401"]
[PlyCount "80"]
[EventDate "2014.11.20"]
[EventType "team"]
[EventRounds "11"]
[EventCountry "AUT"]
[WhiteTeam "Schachclub MPOE Maria Saal"]
[BlackTeam "SIR Royal Salzburg"]

1. Nf3 d5 2. d4 Nf6 3. c4 c6 4. Nc3 dxc4 5. a4 Bf5 6. Ne5 Nbd7 7. Nxc4 Qc7 8.
Bg5 e5 9. Bxf6 gxf6 10. e3 exd4 11. exd4 O-O-O 12. a5 a6 13. Bd3 Bxd3 14. Qxd3
Nc5 15. Qf5+ Ne6 16. d5 cxd5 17. Nb6+ Kb8 18. Nbxd5 Qe5+ 19. Qxe5+ fxe5 20. O-O
Nd4 21. Rae1 Nc6 22. f4 Bc5+ 23. Kh1 exf4 24. Rxf4 Rd7 25. Ref1 Rhd8 26. Nf6
Rd4 27. Rxd4 Bxd4 28. Nxh7 Nxa5 29. Ng5 Nc4 30. Nxf7 Rf8 31. Ne2 Bxb2 32. Rf4
b5 33. g4 a5 34. Rf5 Ka7 35. Ng3 Kb6 36. Ne4 a4 37. Nc5 Rxf7 38. Nxa4+ bxa4 39.
Rxf7 a3 40. Rf1 a2 0-1

[Event "1. Bundesliga 2014/2015"]
[Site "Feffernitz, St. Veit/Glan, Mayrhofen"]
[Date "2014.11.21"]
[Round "2"]
[Board "5"]
[White "Schramm, Christian"]
[Black "Schachinger, Mario"]
[Result "1-0"]
[WhiteElo "2397"]
[BlackElo "2432"]
[PlyCount "93"]
[EventDate "2014.11.20"]
[EventType "team"]
[EventRounds "11"]
[EventCountry "AUT"]
[WhiteTeam "SIR Royal Salzburg"]
[BlackTeam "Schachclub MPOE Maria Saal"]

1. e4 e5 2. Nf3 Nc6 3. Bb5 Nf6 4. O-O Nxe4 5. d4 Nd6 6. Bxc6 dxc6 7. dxe5 Nf5
8. Qxd8+ Kxd8 9. Rd1+ Ke8 10. h3 h5 11. Nc3 Be6 12. Ng5 Rh6 13. g3 Be7 14. h4
Rd8 15. Rxd8+ Bxd8 16. Bf4 Bxg5 17. hxg5 Rh8 18. Rd1 Ne7 19. Be3 b6 20. g6 Nxg6
21. Bg5 Ne7 22. f3 Nd5 23. Ne4 Bf5 24. Nc3 f6 25. Nxd5 fxg5 26. Nxc7+ Ke7 27.
Na6 Rd8 28. Rxd8 Kxd8 29. Nb4 Kd7 30. f4 a5 31. Nd3 Ke6 32. Kf2 Bxd3 33. cxd3
Kf5 34. d4 gxf4 35. gxf4 g5 36. fxg5 Kxg5 37. Kg3 c5 38. d5 Kf5 39. d6 Ke6 40.
a4 c4 41. Kh4 Kd7 42. Kxh5 c3 43. bxc3 b5 44. axb5 a4 45. b6 Kc6 46. e6 a3 47.
e7 1-0

[Event "1. Bundesliga 2014/2015"]
[Site "Feffernitz, St. Veit/Glan, Mayrhofen"]
[Date "2014.11.21"]
[Round "2"]
[Board "6"]
[White "Halvax, Georg"]
[Black "Seyb, Alexander"]
[Result "0-1"]
[WhiteElo "2343"]
[BlackElo "2427"]
[PlyCount "90"]
[EventDate "2014.11.20"]
[EventType "team"]
[EventRounds "11"]
[EventCountry "AUT"]
[WhiteTeam "Schachclub MPOE Maria Saal"]
[BlackTeam "SIR Royal Salzburg"]

1. e4 c5 2. Nf3 d6 3. d4 cxd4 4. Nxd4 Nf6 5. Nc3 a6 6. Be3 e5 7. Nb3 Be7 8. Qd2
O-O 9. O-O-O a5 10. Kb1 a4 11. Nc1 a3 12. b3 Be6 13. f4 exf4 14. Bxf4 Nc6 15.
Bxd6 Bxd6 16. Qxd6 Qa5 17. Qd2 Rfd8 18. Nd3 b5 19. Re1 Rac8 20. e5 Nxe5 21.
Rxe5 Rxc3 22. b4 Qc7 23. Rc5 Rxc5 24. bxc5 Ne4 25. Qb4 Nxc5 26. Be2 Na4 27. Bf3
Bxa2+ 28. Kxa2 Qxc2+ 29. Ka1 Rxd3 30. Qxb5 Qc3+ 31. Kb1 g6 32. Rd1 Rxd1+ 33.
Bxd1 Nc5 34. Ka2 Kg7 35. Be2 h5 36. Bc4 h4 37. g3 hxg3 38. hxg3 Ne4 39. Bxf7
Kxf7 40. Qd5+ Kf6 41. Qd8+ Ke5 42. Qb8+ Kd4 43. Qa7+ Kd3 44. Qd7+ Qd4 45. Qb7
Qb2+ 0-1

[Event "1. Bundesliga 2014/2015"]
[Site "Feffernitz, St. Veit/Glan, Mayrhofen"]
[Date "2014.11.21"]
[Round "2"]
[Board "1"]
[White "Lovrinovic, Christian"]
[Black "Volokitin, Andrei"]
[Result "0-1"]
[WhiteElo "2131"]
[BlackElo "2642"]
[PlyCount "80"]
[EventDate "2014.11.20"]
[EventType "team"]
[EventRounds "11"]
[EventCountry "AUT"]
[WhiteTeam "ASVOE Pamhagen"]
[BlackTeam "Sparkasse Jenbach"]

1. d4 Nf6 2. Bg5 e6 3. e4 h6 4. Bxf6 Qxf6 5. c3 d6 6. Bd3 e5 7. Ne2 g6 8. O-O
Bg7 9. Nd2 O-O 10. f4 Qe7 11. f5 Nd7 12. fxg6 fxg6 13. Rxf8+ Nxf8 14. Nf3 Kh7
15. d5 h5 16. Qe1 Bh6 17. Qh4 Qxh4 18. Nxh4 Nd7 19. Rf1 Kg7 20. Bc2 a5 21. Rf3
Bg5 22. g3 Nb6 23. Bd3 Na4 24. b3 Nc5 25. Kf2 Bg4 26. Bc2 Bxh4 27. gxh4 Bxf3
28. Kxf3 b5 29. Bb1 b4 30. Bc2 Rf8+ 31. Kg2 Rc8 32. Kf3 c6 33. dxc6 Rxc6 34. c4
Rc8 35. h3 Rf8+ 36. Kg2 Ne6 37. Ng1 Nd4 38. Bd3 Rf4 39. Kg3 Kf6 40. Ne2 Rf3+
 0-1

[Event "1. Bundesliga 2014/2015"]
[Site "Feffernitz, St. Veit/Glan, Mayrhofen"]
[Date "2014.11.21"]
[Round "2"]
[Board "2"]
[White "Nisipeanu, Liviu-Dieter"]
[Black "Vitouch, Anatol"]
[Result "1-0"]
[WhiteElo "2651"]
[BlackElo "2336"]
[PlyCount "53"]
[EventDate "2014.11.20"]
[EventType "team"]
[EventRounds "11"]
[EventCountry "AUT"]
[WhiteTeam "Sparkasse Jenbach"]
[BlackTeam "ASVOE Pamhagen"]

1. d4 d6 2. e4 Nf6 3. Nc3 e5 4. Nf3 Nbd7 5. Bc4 Be7 6. O-O O-O 7. Re1 c6 8. a4
b6 9. Bg5 a6 10. d5 c5 11. Nd2 Ne8 12. Bxe7 Qxe7 13. Rb1 g6 14. b4 f5 15. bxc5
bxc5 16. exf5 gxf5 17. f4 Kh8 18. Nf3 e4 19. Ng5 Rg8 20. Qh5 Nf8 21. Nf7+ Kg7
22. Nh6 Qf6 23. Nxg8 Qxc3 24. Qxe8 Kxg8 25. Bf1 Qd4+ 26. Kh1 Qxd5 27. Re3 1-0

[Event "1. Bundesliga 2014/2015"]
[Site "Feffernitz, St. Veit/Glan, Mayrhofen"]
[Date "2014.11.21"]
[Round "2"]
[Board "3"]
[White "Hapala, Elisabeth"]
[Black "Schlosser, Philipp"]
[Result "0-1"]
[WhiteElo "2074"]
[BlackElo "2571"]
[PlyCount "92"]
[EventDate "2014.11.20"]
[EventType "team"]
[EventRounds "11"]
[EventCountry "AUT"]
[WhiteTeam "ASVOE Pamhagen"]
[BlackTeam "Sparkasse Jenbach"]

1. e4 c5 2. Nf3 d6 3. d4 Nf6 4. Nc3 cxd4 5. Nxd4 a6 6. f4 g6 7. Nf3 Bg7 8. e5
Nh5 9. Bc4 O-O 10. Ng5 Nc6 11. g4 Nxf4 12. Bxf4 Nxe5 13. Bxe5 Bxe5 14. Qf3 e6
15. h4 Bd7 16. Rf1 Qe7 17. O-O-O Bc6 18. Qe3 h6 19. Nf3 Bxf3 20. Qxf3 d5 21.
Bb3 Qxh4 22. Kb1 Bg7 23. Rh1 Qg5 24. Rh2 Rac8 25. Rhd2 b5 26. Ne2 Rc5 27. Qf4
Qe7 28. c3 a5 29. Bc2 b4 30. cxb4 Rc4 31. Qe3 Rxb4 32. Nd4 Rc8 33. b3 a4 34. a3
Rxd4 35. Rxd4 Qxa3 36. Qc1 Qxc1+ 37. Kxc1 axb3 38. R4d2 Rc4 39. Kb1 bxc2+ 40.
Rxc2 Rxg4 41. Rc8+ Bf8 42. Rf1 Rg5 43. Kc2 Kg7 44. Kd3 Bd6 45. Rd8 Be5 46. Rd7
Rf5 0-1

[Event "1. Bundesliga 2014/2015"]
[Site "Feffernitz, St. Veit/Glan, Mayrhofen"]
[Date "2014.11.21"]
[Round "2"]
[Board "4"]
[White "Shengelia, David"]
[Black "Bezuch, Martin"]
[Result "1-0"]
[WhiteElo "2560"]
[BlackElo "2238"]
[PlyCount "105"]
[EventDate "2014.11.20"]
[EventType "team"]
[EventRounds "11"]
[EventCountry "AUT"]
[WhiteTeam "Sparkasse Jenbach"]
[BlackTeam "ASVOE Pamhagen"]

1. b3 Nf6 2. Bb2 d6 3. f4 Nbd7 4. Nf3 e5 5. e3 e4 6. Ng5 Nc5 7. d4 exd3 8. cxd3
Be7 9. e4 O-O 10. Be2 h6 11. Nf3 Ng4 12. Qd2 f5 13. O-O Kh8 14. Nc3 c6 15. Rae1
fxe4 16. dxe4 Ne6 17. f5 Qb6+ 18. Kh1 Nf2+ 19. Rxf2 Qxf2 20. fxe6 Rxf3 21. gxf3
Bg5 22. Qxd6 Qxe1+ 23. Kg2 Bxe6 24. Qxe6 Qd2 25. Ba1 Bf6 26. Qc4 Qc1 27. e5
Bxe5 28. Qe4 Qg5+ 29. Kf1 Qf4 30. Qxf4 Bxf4 31. Ne4 Bxh2 32. Nc5 b6 33. Ne6 Kh7
34. Nxg7 Kg6 35. Bd3+ Kf7 36. Kg2 Bc7 37. Bc4+ Kg6 38. Ne6 Bd6 39. f4 b5 40.
Bd3+ Kf7 41. f5 a5 42. Be4 Rg8+ 43. Kf2 c5 44. Bd5 Ke7 45. f6+ Kd7 46. f7 Rb8
47. Bg7 a4 48. bxa4 bxa4 49. Bxh6 Rb2+ 50. Ke3 Rh2 51. f8=Q Bxf8 52. Bxf8 Rxa2
53. Bxa2 1-0

[Event "1. Bundesliga 2014/2015"]
[Site "Feffernitz, St. Veit/Glan, Mayrhofen"]
[Date "2014.11.21"]
[Round "2"]
[Board "5"]
[White "Kuthan, Andreas"]
[Black "Boensch, Uwe"]
[Result "1/2-1/2"]
[WhiteElo "2240"]
[BlackElo "2541"]
[PlyCount "110"]
[EventDate "2014.11.20"]
[EventType "team"]
[EventRounds "11"]
[EventCountry "AUT"]
[WhiteTeam "ASVOE Pamhagen"]
[BlackTeam "Sparkasse Jenbach"]

1. d4 Nf6 2. c4 e6 3. Nc3 d5 4. cxd5 exd5 5. Bg5 c6 6. e3 Be7 7. Bd3 Nbd7 8.
Nf3 O-O 9. Qc2 Re8 10. O-O Nf8 11. h3 Be6 12. Ne5 N6d7 13. Bxe7 Rxe7 14. f4 f6
15. Nf3 Nb6 16. Rae1 Kh8 17. Re2 Qc7 18. Rfe1 Rae8 19. f5 Bf7 20. e4 Bh5 21.
Kf2 Bxf3 22. Kxf3 Qd6 23. Qd2 dxe4+ 24. Rxe4 Rxe4 25. Rxe4 Rxe4 26. Bxe4 Nc4
27. Qf2 Qb4 28. Nd1 Nd7 29. b3 Nd2+ 30. Ke3 Nxe4 31. Kxe4 c5 32. Kd3 cxd4 33.
Qxd4 Ne5+ 34. Ke4 Qe7 35. Kf4 Qc7 36. Ke3 Nc6 37. Qe4 Qb6+ 38. Ke2 Ne5 39. Kf1
h6 40. Ne3 Qa6+ 41. Kg1 Qe2 42. a4 Kh7 43. Qd4 Nd3 44. Nd5 Qd1+ 45. Kh2 Qxb3
46. Nxf6+ gxf6 47. Qd7+ Kg8 48. Qd8+ Kg7 49. Qd7+ Qf7 50. Qxd3 Qc7+ 51. Kh1
Qc1+ 52. Kh2 Qf4+ 53. Kh1 Qc1+ 54. Kh2 Qf4+ 55. Kh1 Qc1+ 1/2-1/2

[Event "1. Bundesliga 2014/2015"]
[Site "Feffernitz, St. Veit/Glan, Mayrhofen"]
[Date "2014.11.21"]
[Round "2"]
[Board "6"]
[White "Lehner, Oliver"]
[Black "Prinzjakowitsch, Bernhard"]
[Result "1/2-1/2"]
[WhiteElo "2425"]
[BlackElo "2178"]
[PlyCount "86"]
[EventDate "2014.11.20"]
[EventType "team"]
[EventRounds "11"]
[EventCountry "AUT"]
[WhiteTeam "Sparkasse Jenbach"]
[BlackTeam "ASVOE Pamhagen"]

1. e4 e5 2. Nf3 Nc6 3. d4 exd4 4. Nxd4 Bc5 5. Be3 Qf6 6. c3 d6 7. Be2 Qg6 8.
O-O Nf6 9. Kh1 h5 10. f3 h4 11. Bb5 Bd7 12. Re1 Rh5 13. Bxc6 bxc6 14. Nd2 a5
15. Nc4 Kf8 16. Qd2 h3 17. g3 Bxd4 18. Bxd4 c5 19. Bxf6 Qxf6 20. Qf2 Bc6 21.
Kg1 a4 22. a3 Rb8 23. Rad1 g6 24. Ne3 Kg7 25. Rd2 Qe6 26. Nd5 Bxd5 27. exd5 Qf6
28. f4 Rhh8 29. Re4 Rhe8 30. Qe3 Rxe4 31. Qxe4 g5 32. Rf2 gxf4 33. Qxa4 Qe5 34.
Qxf4 Qxf4 35. gxf4 Kf6 36. b4 cxb4 37. cxb4 Kf5 38. Rf3 Ke4 39. Rxh3 Kxd5 40.
Kf2 Ra8 41. Rc3 f5 42. Kf3 Kd4 43. Rxc7 Rxa3+ 1/2-1/2

[Event "1. Bundesliga 2014/2015"]
[Site "Feffernitz, St. Veit/Glan, Mayrhofen"]
[Date "2014.11.21"]
[Round "2"]
[Board "1"]
[White "Lenic, Luka"]
[Black "Luther, Thomas"]
[Result "1-0"]
[WhiteElo "2648"]
[BlackElo "2570"]
[PlyCount "51"]
[EventDate "2014.11.20"]
[EventType "team"]
[EventRounds "11"]
[EventCountry "AUT"]
[WhiteTeam "SV Raika Rapid Feffernitz"]
[BlackTeam "SK Absam"]

1. d4 e6 2. c4 Nf6 3. Nc3 Bb4 4. e3 d5 5. Nf3 O-O 6. Bd3 c5 7. O-O Nc6 8. a3
Bxc3 9. bxc3 Qc7 10. Bb2 Rd8 11. Qe2 Na5 12. cxd5 exd5 13. Ne5 c4 14. Bc2 Ne4
15. f3 Nd6 16. a4 Nb3 17. Rae1 f6 18. Ng4 Bxg4 19. fxg4 Re8 20. g5 fxg5 21. Qh5
h6 22. Qg6 Ne4 23. Bxe4 Rxe4 24. Ba3 Qc6 25. Bd6 Qd7 26. Rf6 1-0

[Event "1. Bundesliga 2014/2015"]
[Site "Feffernitz, St. Veit/Glan, Mayrhofen"]
[Date "2014.11.21"]
[Round "2"]
[Board "2"]
[White "Dizdar, Goran"]
[Black "Skoberne, Jure"]
[Result "1/2-1/2"]
[WhiteElo "2500"]
[BlackElo "2555"]
[PlyCount "121"]
[EventDate "2014.11.20"]
[EventType "team"]
[EventRounds "11"]
[EventCountry "AUT"]
[WhiteTeam "SK Absam"]
[BlackTeam "SV Raika Rapid Feffernitz"]

1. Nf3 Nf6 2. c4 g6 3. g3 Bg7 4. Bg2 O-O 5. O-O d6 6. d4 Nbd7 7. Nc3 e5 8. e4
c6 9. h3 Qa5 10. Be3 exd4 11. Nxd4 Re8 12. Qe2 Nb6 13. Rac1 Na4 14. Nxa4 Qxa4
15. b3 Qa5 16. Qc2 Bd7 17. Rfd1 d5 18. cxd5 cxd5 19. Qc7 Qxc7 20. Rxc7 dxe4 21.
Rxb7 Bc8 22. Rb5 a6 23. Rc5 Bb7 24. Rc7 Bc8 25. Ne2 a5 26. Nc3 Ba6 27. Rd6 Bd3
28. Bd4 Rad8 29. Rxd8 Rxd8 30. Bxf6 Bxf6 31. Nxe4 Bxe4 32. Bxe4 Rd2 33. Rc2
Rxc2 34. Bxc2 Bd4 35. Kf1 f5 36. g4 fxg4 37. hxg4 Kf7 38. Ke2 h5 39. gxh5 gxh5
40. f4 Kf6 41. Be4 Bb2 42. Bg2 Bc1 43. Kf3 Bd2 44. Bh3 Bb4 45. Ke4 Bd6 46. f5
Ba3 47. Kd5 Bb4 48. Kc6 Kg5 49. Kd7 Kf6 50. Kc6 Kg5 51. Kd5 Kf6 52. Kd4 Be7 53.
Kc4 Kg5 54. Kb5 Bd8 55. b4 axb4 56. Kxb4 Kh4 57. a4 Kxh3 58. a5 Bxa5+ 59. Kxa5
h4 60. f6 Kg2 61. f7 1/2-1/2

[Event "1. Bundesliga 2014/2015"]
[Site "Feffernitz, St. Veit/Glan, Mayrhofen"]
[Date "2014.11.21"]
[Round "2"]
[Board "3"]
[White "Schreiner, Peter"]
[Black "Rotstein, Arkadij"]
[Result "1-0"]
[WhiteElo "2435"]
[BlackElo "2500"]
[PlyCount "71"]
[EventDate "2014.11.20"]
[EventType "team"]
[EventRounds "11"]
[EventCountry "AUT"]
[WhiteTeam "SV Raika Rapid Feffernitz"]
[BlackTeam "SK Absam"]

1. d4 Nf6 2. Nf3 d6 3. g3 c6 4. Bg2 Nbd7 5. c4 e5 6. Nc3 Be7 7. O-O O-O 8. e4
Re8 9. h3 h6 10. Be3 Nh7 11. d5 c5 12. Nd2 Ndf8 13. f4 exf4 14. gxf4 Ng6 15.
Nf3 Bf6 16. Qd3 Qe7 17. Rae1 Nh4 18. Nxh4 Bxh4 19. Bf2 Nf8 20. Bxh4 Qxh4 21.
Nb5 Rd8 22. e5 Ng6 23. Qf3 dxe5 24. fxe5 Rf8 25. Nd6 Qe7 26. Qg3 Qg5 27. Kh2 b6
28. Nxf7 Qxg3+ 29. Kxg3 Rxf7 30. Rxf7 Kxf7 31. e6+ Kf6 32. d6 Rb8 33. Bd5 b5
34. cxb5 Ne5 35. Rf1+ Kg6 36. Be4+ 1-0